000 00930pam a2200289 a 4500
001 3369571
003 ARRUPE
005 20150227120955.0
008 871230s1988 nyuabf b 001 0beng
010 _a 87038236
020 _a0312018274 :
_c$24.95
040 _aDLC
_cDLC
_dDLC
043 _ae-fr---
050 0 0 _aDC280
_b.B53 1988
082 0 0 _a944.07/092/4
_aB
_219
100 1 _aBierman, John.
_915087
245 1 0 _aNapoleon III and his carnival empire /
_cby John Bierman.
250 _a1st ed.
260 _aNew York :
_bSt. Martin's Press,
_cc1988.
300 _axx, 439 p., [16] p. of plates :
_bill., maps ;
_c24 cm.
500 _aIncludes index.
504 _aBibliography: p. 411-415.
600 0 0 _aNapoleon
_bIII,
_cEmperor of the French,
_d1808-1873.
_915088
651 0 _aFrance
_xHistory
_ySecond Empire, 1852-1870.
_915089
906 _a7
_bcbc
_corignew
_d1
_eocip
_f19
_gy-gencatlg
942 _2lcc
_cMONOGRAPH
999 _c122033
_d122033